A test of two models of adolescent egocentrism (Record no. 78045)

MARC details
000 -CABECERA
campo de control de longitud fija 00665nam a2200241 a 4500
005 - FECHA Y HORA DE LA ÚLTIMA TRANSACCIÓN
campo de control 20210219153459.0
008 - ELEMENTOS DE LONGITUD FIJA--INFORMACIÓN GENERAL
campo de control de longitud fija 991125n 000 0 eng u
035 ## - NÚMERO DE CONTROL DEL SISTEMA
Número de control de sistema UPN01000102184
100 ## - ASIENTO PRINCIPAL--NOMBRE PERSONAL
Nombre de persona Jahnke, Heather Casper
222 ## - TÍTULO CLAVE
Título clave JOURNAL OF YOUTH AND ADOLESCENCE
245 ## - MENCIÓN DE TÍTULO
Título A test of two models of adolescent egocentrism
300 ## - DESCRIPCIÓN FÍSICA
Extensión 313-326
362 ## - FECHAS DE PUBLICACIÓN Y/O DESIGNACIÓN SECUENCIAL
Fecha de publicación y/o designación secuencial 1993 22, no. 3
653 0# - TERMINO DE INDIZACION - NO CONTROLADO
Término no controlado ADOLESCENTES
653 0# - TERMINO DE INDIZACION - NO CONTROLADO
Término no controlado CONOCIMIENTO SOCIAL
653 0# - TERMINO DE INDIZACION - NO CONTROLADO
Término no controlado EGOCENTRISMO
653 0# - TERMINO DE INDIZACION - NO CONTROLADO
Término no controlado MODELOS
653 0# - TERMINO DE INDIZACION - NO CONTROLADO
Término no controlado OPERACIONES FORMALES
653 0# - TERMINO DE INDIZACION - NO CONTROLADO
Término no controlado RELACIONES INTERPERSONALES
700 ## - ASIENTO SECUNDARIO--NOMBRE DE PERSONAL
Nombre de persona Blanchard-Fields, Fredda
904 ## - ELEMENTOS DE DATOS D LOCAL, LDD (RLIN)
a AC
b 039995
905 ## - TIPO DE MATERIAL
Tipo de material Articulo

No items available.